The Quaid-i-Azam Muhammad Ali Jinnah : (Record no. 355165)

000 -LEADER
fixed length control field 01705cam a2200373 i 4500
001 - CONTROL NUMBER
control field 18680133
003 - CONTROL NUMBER IDENTIFIER
control field USPCAS-E
005 - DATE AND TIME OF LATEST TRANSACTION
control field 20180118164237.0
008 - FIXED-LENGTH DATA ELEMENTS--GENERAL INFORMATION
fixed length control field 150629s2014 pk b 000 0 eng
010 ## - LIBRARY OF CONGRESS CONTROL NUMBER
LC control number 2015325381
020 ## - INTERNATIONAL STANDARD BOOK NUMBER
International Standard Book Number 9789695623756
025 ## - OVERSEAS ACQUISITION NUMBER
Overseas acquisition number P-E-2015325381; 33
037 ## - SOURCE OF ACQUISITION
Source of stock number/acquisition Library of Congress -- Islamabad Overseas Office
Terms of availability Rs 1095
040 ## - CATALOGING SOURCE
Original cataloging agency DLC
Language of cataloging eng
Transcribing agency DLC
Description conventions rda
Modifying agency DLC
042 ## - AUTHENTICATION CODE
Authentication code lcode
-- pcc
043 ## - GEOGRAPHIC AREA CODE
Geographic area code a-ii---
050 00 - LIBRARY OF CONGRESS CALL NUMBER
Classification number DS480.45
Item number .Q435 2014
082 ## - DEWEY DECIMAL CLASSIFICATION NUMBER
Classification number DS480.45
Author Mark NAD-Q 2015
245 04 - TITLE STATEMENT
Title The Quaid-i-Azam Muhammad Ali Jinnah :
Remainder of title the All India Muslim League, and the achievement of Pakistan (1906-47) /
Statement of responsibility, etc. compiled & editd by Nadeem Shafiq Malik.
260 ## - PUBLICATION, DISTRIBUTION, ETC.
Place of publication, distribution, etc. Lahore, Pakistan
Name of publisher, distributor, etc. Fiction House;
Date of publication, distribution, etc. c2015
300 ## - PHYSICAL DESCRIPTION
Extent viii, 368 pages ;
Dimensions 24 cm
502 ## - DISSERTATION NOTE
Dissertation note .
504 ## - BIBLIOGRAPHY, ETC. NOTE
Bibliography, etc. note Includes bibliographical references.
610 20 - SUBJECT ADDED ENTRY--CORPORATE NAME
Corporate name or jurisdiction name as entry element All-India Muslim League.
650 #0 - SUBJECT ADDED ENTRY--TOPICAL TERM
Topical term or geographic name entry element Muslims
General subdivision Political activity
Geographic subdivision India.
651 #0 - SUBJECT ADDED ENTRY--GEOGRAPHIC NAME
Geographic name India
General subdivision Politics and government
Chronological subdivision 1919-1947.
700 1# - ADDED ENTRY--PERSONAL NAME
Personal name Malik, Nadeem Shafiq,
Relator term compiler.
856 41 - ELECTRONIC LOCATION AND ACCESS
Materials specified Table of contents only
Uniform Resource Identifier <a href="http://www.loc.gov/catdir/toc/fy16pdf02/2015325381.html">http://www.loc.gov/catdir/toc/fy16pdf02/2015325381.html</a>
906 ## - LOCAL DATA ELEMENT F, LDF (RLIN)
a 7
b cbc
c origode
d 3
e ncip
f 20
g y-gencatlg
942 ## - ADDED ENTRY ELEMENTS (KOHA)
Source of classification or shelving scheme
Koha item type Book
Holdings
Withdrawn status Lost status Source of classification or shelving scheme Damaged status Not for loan Permanent Location Current Location Date acquired Total Checkouts Full call number Barcode Date last seen Price effective from Koha item type
          School of Civil and Environmental Engineering (SCEE) School of Civil and Environmental Engineering (SCEE) 12/09/2019   954.035 MAL NIT-12713 12/09/2019 12/09/2019 Book
          School of Civil and Environmental Engineering (SCEE) School of Civil and Environmental Engineering (SCEE) 12/09/2019   954.035 MAL NIT-12714 12/09/2019 12/09/2019 Book
© 2023 Central Library, National University of Sciences and Technology. All Rights Reserved.